|
|
|
|
| LEADER |
01595nam a2200421Ia 4500 |
| 001 |
EBC459623 |
| 003 |
MiAaPQ |
| 005 |
20200520144314.0 |
| 006 |
m o d | |
| 007 |
cr cn||||||||| |
| 008 |
061002s2006 dcua sb 000 0 eng d |
| 010 |
|
|
|z 2006032774
|
| 020 |
|
|
|z 0821368923
|
| 020 |
|
|
|z 0821368931
|
| 020 |
|
|
|z 9780821368923
|
| 035 |
|
|
|a (MiAaPQ)EBC459623
|
| 035 |
|
|
|a (Au-PeEL)EBL459623
|
| 035 |
|
|
|a (CaPaEBR)ebr10146794
|
| 035 |
|
|
|a (CaONFJC)MIL65433
|
| 035 |
|
|
|a (OCoLC)560539799
|
| 040 |
|
|
|a MiAaPQ
|c MiAaPQ
|d MiAaPQ
|
| 050 |
|
4 |
|a HG4650
|b .N64 2006
|
| 082 |
0 |
4 |
|a 332.63/2044
|2 22
|
| 100 |
1 |
|
|a Noel, Michel,
|d 1954-
|
| 245 |
1 |
4 |
|a The Polish fixed-income securities market
|h [electronic resource] :
|b recent developments and selected policy challenges /
|c Michel Noel, Noritaka Akamatsu, and W. Jan Brzeski.
|
| 260 |
|
|
|a Washington, DC :
|b World Bank,
|c 2006.
|
| 300 |
|
|
|a xviii, 55 p. :
|b ill.
|
| 490 |
1 |
|
|a World Bank working paper ;
|v no. 91
|
| 504 |
|
|
|a Includes bibliographical references.
|
| 533 |
|
|
|a Electronic reproduction. Ann Arbor, MI : ProQuest, 2015. Available via World Wide Web. Access may be limited to ProQuest affiliated libraries.
|
| 650 |
|
0 |
|a Fixed-income securities
|x Government policy
|z Poland.
|
| 650 |
|
0 |
|a Fixed-income securities
|z Poland.
|
| 655 |
|
4 |
|a Electronic books.
|
| 700 |
1 |
|
|a Akamatsu, Noritaka.
|
| 700 |
1 |
|
|a Brzeski, Wladyslaw Jan.
|
| 710 |
2 |
|
|a ProQuest (Firm)
|
| 830 |
|
0 |
|a World Bank working paper ;
|v no. 91.
|
| 856 |
4 |
0 |
|u https://ebookcentral.proquest.com/lib/matrademy/detail.action?docID=459623
|z Click to View
|